000 00979nac a22002657a 4500
001 BR9802905
003 BR-BrBNA
005 20240105122026.0
008 230509b bl.|||m| |||| 00| 0 por d
040 _aBR-BrBNA
_bpor
_cBiblioteca Nacional de Agricultura
072 _aF04
090 _aF04 BR9802905
100 1 _aBarcellos, L.A.R.
110 1 _aEmpresa de Assistencia Tecnica e Extensao Rural do Rio Grande do Sul, Porto Alegre (Brasil)
245 1 _aAvaliacao do potencial fertilizante do esterco liquido de bovinos: sintese da dissertacao de mestrado
260 3 _aPorto Alegre, RS (Brasil):
_c1998.
300 _a39 p.
490 _aTextos Selecionados - Empresa de Assistencia Tecnica e Extensao Rural do Rio Grande do Sul (Brazil)
_vno. 11
_x
500 _aSummaries (En, Pt); Bibliography p. 29-36
650 _aBovino
650 _aEsterco
650 _aFertilizante Liquido
909 _a202312
_bLúcia Elande
_c55
_dLúcia Elande
942 _2AGRIS
_n0
_cMS
999 _c288796
_d288796